La voz de la cárcel o, La ley vindicada por el estranjero J. D. Barnard
Збережено в:
| Автор: | |
|---|---|
| Формат: | Книга |
| Мова: | Іспанська |
| Опубліковано: |
Santiago
Imprenta de R. Rengifo
1827
|
| Редагування: | 1a. ed |
| Предмети: | |
| Теги: |
Додати тег
Немає тегів, Будьте першим, хто поставить тег для цього запису!
|
MARC
| LEADER | 00000nam a2200000 a 4500 | ||
|---|---|---|---|
| 001 | UCJ3055 | ||
| 003 | CL-VaPUC | ||
| 008 | 070124e18270723CL |||||||||||||||||spa|d | ||
| 082 | 0 | 4 | |a 983 |b BAR |2 21 |
| 100 | 0 | |a Barnard, Juan Diego |e author |9 504219 | |
| 245 | 1 | 3 | |a La voz de la cárcel o, La ley vindicada por el estranjero J. D. Barnard |
| 250 | |a 1a. ed | ||
| 300 | |a 67 p | ||
| 942 | |c BK | ||
| 945 | |d 20070124 00:00:00 |a rinostro | ||
| 260 | |a Santiago |b Imprenta de R. Rengifo |c 1827 | ||
| 500 | |a 8§, media pasta.- port.- v.: Advertencia.- Dedicatoria de D. Juan Diego Barnard para D. D. Cristóbal Ricardo Nugent, Esq., Cónsul Jeneral de Su Majestad Británica en el Estado de Chile.- Ex libris autógrafo de Francisco Prats. Libro chileno particularmente raro y especialmente valioso para nosotros por ser, Don Juan Diego Barnard, antepasado materno de Don Eduardo B. Budge Barnard | ||
| 600 | 0 | 7 | |a BUDGE, ROBERT F |2 CL-VaPUC |9 504220 |
| 600 | 0 | 7 | |a PALMA, JOSE GABRIEL |2 CL-VaPUC |9 504221 |
| 600 | 0 | 7 | |a INGRAM, SANTIAGO |2 CL-VaPUC |9 504222 |
| 600 | 0 | 7 | |a MILLER, ALEJANDRO |2 CL-VaPUC |9 504223 |
| 600 | 0 | 7 | |a GANDARILLAS, MANUEL |2 CL-VaPUC |9 504224 |
| 600 | 0 | 7 | |a BARROS, DIEGO ANTONIO |2 CL-VaPUC |9 504225 |
| 600 | 0 | 7 | |a CAMPBELL, PAULINO |2 CL-VaPUC |9 504226 |
| 600 | 0 | 7 | |a PRATS, FRANCISCO |2 CL-VaPUC |9 504227 |
| 650 | 0 | |a Historia de Chile |9 265473 | |
| 650 | 0 | |a Abuso de poder |9 324689 | |
| 650 | 0 | |a Juicio criminal |9 398162 | |
| 650 | 7 | |a LIBROS RAROS |2 CL-VaPUC |9 321878 | |
| 651 | 7 | |a CHILE |2 CL-VaPUC |9 504228 | |
| 583 | |a last modification |c 20070124 00:00:00 |k Rodrigo Vera | ||
| 999 | |c 319178 |d 319176 | ||
| 952 | |0 0 |1 0 |4 0 |6 983_000000000000000_BAR_1827 |7 0 |8 X |9 397431 |a FDOBUD |b FDOBUD |d 2019-11-22 |i 1009192 |o 983 BAR 1827 |p 1009192 |r 2019-11-22 |w 2019-11-22 |y BK_X |k BUD | ||